Catálogo
 En Linea

Vita di Cristoforo Colombo / (Registro nro. 33192)

Detalles MARC
000 -CABECERA
campo de control de longitud fija 00423nam a2200145 a 4500
001 - NÚMERO DE CONTROL
campo de control 000033701
005 - FECHA Y HORA DE LA ÚLTIMA TRANSACCIÓN
campo de control 20200930070444.0
008 - DATOS DE LONGITUD FIJA--INFORMACIÓN GENERAL
campo de control de longitud fija 110906s1870 it b 000 0 ita d
040 ## - FUENTE DE LA CATALOGACIÓN
Centro catalogador/agencia de origen DO-SdBNP
Lengua de catalogación spa
Centro/agencia transcriptor BNPHU
082 ## - NÚMERO DE LA CLASIFICACIÓN DECIMAL DEWEY
Número de clasificación xxxx
Número de documento/Ítem H484v
100 1# - ENTRADA PRINCIPAL--NOMBRE DE PERSONA
Nombre de persona Helps, Arturo
9 (RLIN) 59153
245 10 - MENCIÓN DE TÍTULO
Título Vita di Cristoforo Colombo /
Mención de responsabilidad, etc. Arturo Helps.
260 ## - PUBLICACIÓN, DISTRIBUCIÓN, ETC.
Lugar de publicación, distribución, etc. Florencia, Italia :
Nombre del editor, distribuidor, etc. G. Barbéra,
Fecha de publicación, distribución, etc. 1870.
300 ## - DESCRIPCIÓN FÍSICA
Extensión xi, 152 p. :
Otras características físicas map. ;
Dimensiones 17 cm.
Existencias
Estado de retiro Estado de pérdida Restricciones de uso No para préstamo Código de colección Localización permanente Ubicación/localización actual Ubicación en estantería Fecha de adquisición Número de inventario Total de préstamos Signatura topográfica completa Código de barras Fecha visto por última vez Precio válido a partir de Tipo de ítem Koha
      Excluido de préstamo Raros y valiosos General General En catalogación 06.09.2011 LF1   xxxx H484v 33701-10 25.06.2020 25.06.2020 No se presta

Con tecnología Koha